| 000 | 01214nam a2200229Ia 4500 | ||
|---|---|---|---|
| 001 | L200-53402 | ||
| 003 | IT-CnALBA | ||
| 008 | 170116s9999||||xx |||||||||||||| ||und|| | ||
| 040 |
_aIT-CnALBA _cIT-CnALBA |
||
| 041 | _aITALIANO | ||
| 100 | _aTETTAMANZI DIONIGI, MONS. | ||
| 245 | 0 | _aCARITÀ E MISSIONI. IL CONTRIBUTO DELLA MISSIONE "AD GENTES" AL CONVEGNO ECCLESIALE DI PALERMO. | |
| 250 | _a1a ed. | ||
| 260 |
_a PARMA - BOLOGNA _bEMI. EDIT. MISS. ITAL. _c1995 [1° Ed.:1995 - Ed.Ling.Originale: 1995] |
||
| 300 | _a156 p. | ||
| 500 | _aCARITÀ E CATTOLICITA'. POVERTÀ. MEMORIA MISSIONARIA DI G. NOBILI. DIALOGO ECUMENICO E INTERRELIGIOSO. MEMORIA MISSIONARIA DI DE GIORGI M. DIALOGO E MISSIONE. IL VANGELO DELLA CARITÀ PER UNA NUOVA SOCIETÀ IN ITALIA. | ||
| 501 | _aSocietà San Paolo EM - Piazza San Paolo, 14 - 12051 ALBA (CN) (non commercial uses only) ® Copyright 2017 | ||
| 520 | _aCARITÀ E CATTOLICITA'. POVERTÀ. MEMORIA MISSIONARIA DI G. NOBILI. DIALOGO ECUMENICO E INTERRELIGIOSO. MEMORIA MISSIONARIA DI DE GIORGI M. DIALOGO E MISSIONE. IL VANGELO DELLA CARITÀ PER UNA NUOVA SOCIETÀ IN ITALIA. | ||
| 650 | _aRELIGIONE - RELIGIONE CRISTIANA | ||
| 942 | _cBK | ||
| 957 | _71 | ||
| 999 |
_a70892 _bNO _g Copie: 1 _c312281 _d312281 |
||